Pohľadávky

Definícia pohľadávok z právneho a ekonomického hľadiska. Členenie, oceňovanie pohľadávok. Vznik a dokladovanie pohľadávok. Zánik a splatnosť pohľadávok, úroky z omeškania. Účtovanie pohľadávok. Zabezpečenie pohľadávok - účtovné dosahy. Odpis pohľadávok, opravné položky. Postúpenie pohľadávky. Faktor...

Description complète

Enregistré dans:
Détails bibliographiques
Auteur principal: Kaletová, Viera
Format: Chapitre de livre
Langue:slovaque
Sujets:
Tags: Ajouter un tag
Pas de tags, Soyez le premier à ajouter un tag!

MARC

LEADER 00000naa a2200000 4500
001 r049386
005 20231003105008.0
041 0 |a slo 
044 |a SK 
245 1 0 |a Pohľadávky  |c Viera Kaletová 
520 |a Definícia pohľadávok z právneho a ekonomického hľadiska. Členenie, oceňovanie pohľadávok. Vznik a dokladovanie pohľadávok. Zánik a splatnosť pohľadávok, úroky z omeškania. Účtovanie pohľadávok. Zabezpečenie pohľadávok - účtovné dosahy. Odpis pohľadávok, opravné položky. Postúpenie pohľadávky. Faktoring. Vyriešené príklady. 
610 2 0 |a pohľadávky 
610 2 0 |a účtovanie 
610 2 0 |a preddavky 
610 2 0 |a ručenie 
610 2 0 |a právo záložné 
100 1 |a Kaletová, Viera